000 01167nam a2200313 i 4500
003 DO-SdBNP
005 20250611073819.0
007 ta
008 250407b2018 dr ||||| |||| 00| 0 spa d
020 _a9789945591125
040 _aDO-SdBNP
_bspa
_cBNPHU
_erda
082 _axxx
_bR426c
_222
110 1 _aRepública Dominicana.
_bMinisterio de Salud Pública
_980830
245 1 0 _aCuadro básico de medicamentos esenciales de República Dominicana 2018 /
_cedición, revisión y corrección, Claudia Valdez
250 _aSéptima edición
264 4 _aSanto Domingo :
_bMinisterio de Salud Pública,
_c©2018.
300 _a76 páginas ;
_c17 cm.
336 _atexto
_btxt
_2rdacontent
337 _asin mediación
_bn
_2rdamedia
338 _avolumen
_bnc
_2rdacarrier
500 _aLibro en espiral.
500 _aIncluye referencias bibliográficas y notas al pie de las páginas
590 _aInventariado, 2025/BT
650 4 _aTuberculosis
_xTratamiento
_979001
700 _aValdez, Claudia,
_eeditor, corrector
_4ed., rev. y corr.
_987367
710 1 _aMinisterio de Salud Pública y Asistencia Social
_986348
910 _aBtavárez
942 _2ddc
_cLBS1
999 _c58633
_d58633